La pratique d’auto-dictionnaires pour l’accès à des locutions figuratives en Français = Xây dựng từ điển cá nhân cho việc sử dụng ngữ tượng hình trong tiếng Pháp /
Gorde:
| Egile nagusia: | |
|---|---|
| Formatua: | Artikulua |
| Hizkuntza: | Vietnamese |
| Gaiak: | |
| Etiketak: |
Etiketa erantsi
Etiketarik gabe, Izan zaitez lehena erregistro honi etiketa jartzen!
|
| Thư viện lưu trữ: | Thư viện Trường Đại học Đà Lạt |
|---|
| LEADER | 00912nam a2200241 4500 | ||
|---|---|---|---|
| 001 | DLU160177302 | ||
| 005 | ##20161025 | ||
| 040 | # | # | |a DLU |b vie |
| 041 | # | # | |a vie |
| 044 | # | # | |a vn |
| 100 | # | # | |a Nguyen Thuc Thanh Tin. |
| 245 | # | # | |a La pratique d’auto-dictionnaires pour l’accès à des locutions figuratives en Français = |b Xây dựng từ điển cá nhân cho việc sử dụng ngữ tượng hình trong tiếng Pháp / |c Nguyen Thuc Thanh Tin. |
| 653 | # | # | |a Từ điển học |
| 653 | # | # | |a Tiếng Pháp |
| 773 | # | # | |t Tạp chí Khoa học Đại học Sư phạm TP. Hồ Chí Minh: Khoa học giáo dục |g Số 7(85), 2016, tr. 5-15 |
| 920 | # | # | |a Phòng Tạp chí -- Trung tâm Thông tin - Thư viện Trường Đại học Đà Lạt |
| 900 | # | # | |a True |
| 911 | # | # | |a Hoàng Thị Huyền |
| 925 | # | # | |a G |
| 926 | # | # | |a A |
| 927 | # | # | |a BB |
| 980 | # | # | |a Thư viện Trường Đại học Đà Lạt |